000
00236nam a2200097Ia 4500
001
683541
005
20250826161440.0
008
250824s9999 xx 000 0 und d
245
0
_a
HAYALET X
_c
KJARTAN POSKİTT
260
_b
TİMAŞ YAYINLARI
999
_c
683541
_d
683541